Gaming Quiz

Random Gaming or Pokémon Quiz

All Steel Type Pokemon (As of Let's Go) Quiz Stats

 Plays Quiz not verified by Sporcle

Also try: 3-D Gaming
Challenge
Share
Tweet
Embed
Score 0/55 Timer 07:00
0 Plays Today
Generation Pokémon % Correct
1Magneton
96.6%
1Magnemite
96.3%
1 (One Forme)Alolan Sandslash
94.8%
1 (One Forme)Alolan Sandshrew
94.8%
2Steelix
94.3%
2Skarmory
93.6%
4Magnezone
93.1%
3Aron
92.2%
3Aggron
92.2%
3Beldum
92.2%
2Scizor
92%
3Metang
92%
3Metagross
92%
3Lairon
91.5%
3Mawile
91.1%
1 (One Forme)Alolan Dugtrio
90.8%
1 (One Forme)Alolan Diglett
90.8%
4Dialga
89.9%
4Heatran
89.7%
6Doublade
89.7%
4Empoleon
89.5%
6Aegislash
89.5%
6Honedge
89.2%
4Lucario
89%
4Shieldon
88.6%
4Bastiodon
88.6%
4 (One Forme)Trash Cloak Wormadam
88.6%
4Bronzor
88.6%
Generation Pokémon % Correct
4Bronzong
88.6%
5Ferrothorn
88.6%
3Registeel
88.3%
3Jirachi
88.3%
6Klefki
88.3%
2Forretress
88.1%
5Ferroseed
88.1%
5Pawniard
87.6%
5Bisharp
87.6%
7Togedemaru
87.5%
7Magearna
87.3%
5Durant
86.5%
5Klink
86.3%
5Klang
86%
7Celesteela / UB Blaster
86%
7Kartana
86%
5Klinklang
85.8%
5Cobalion
85.8%
5Genesect
85.8%
4Probopass
84.4%
7Solgaleo
83.8%
5Excadrill
80.3%
??Meltan
79.4%
7**Stakataka / UB Assembly
78.8%
7 (One Forme)**Dusk Mane Necrozma
78.8%
5Escavalier
78.7%
??Melmetal
62.1%

You're not logged in!

Compare scores with friends on all Sporcle quizzes.
OR
Log In

You Might Also Like...

Show Comments

Extras

Created Aug 8, 2016ReportNominate
Tags:Pokémon Quiz, generation, steel

Top Quizzes Today


Score Distribution

Your Account Isn't Verified!

In order to create a playlist on Sporcle, you need to verify the email address you used during registration. Go to your Sporcle Settings to finish the process.

Report this User

Report this user for behavior that violates our Community Guidelines.

Details: